[Event "23rd ETCC Open 2021"]
[Site "Catez"]
[Date "2021.11.19"]
[Round "7.53"]
[White "Pechac, Jergus"]
[Black "Vocaturo, Daniele"]
[Result "1/2-1/2"]
[WhiteElo "2562"]
[BlackElo "2632"]
[Annotator "TA"]
[PlyCount "65"]
[EventDate "2021.11.08"]
[EventType "team-tourn"]
[EventCountry "SLO"]
[SourceTitle "playchess.com"]
[Source "ChessBase"]
[SourceQuality "1"]
[WhiteTeam "Slovakia"]
[BlackTeam "Italy"]
[WhiteTeamCountry "SVK"]
[BlackTeamCountry "ITA"]

{[%evp 10,65,16,8,16,11,18,11,18,0,10,-8,-4,0,0,0,13,-3,12,8,16,14,17,8,13,0,7,
6,5,0,0,0,0,0,0,0,0,0,0,0,0,0,0,0,0,0,0,0,0,0,0,0,0,0,0,0,0,0]} 1. d4 Nf6 2. c4
e6 3. Nc3 Bb4 4. Nf3 O-O 5. Bg5 c5 6. Rc1 {The position is equal.} cxd4 {
E21: Nimzo-Indian: 4 Nf3.} 7. Nxd4 h6 8. Bh4 d5 9. cxd5 Bxc3+ {[#]} 10. bxc3
$146 ({Predecessor:} 10. Rxc3 g5 11. Bg3 Ne4 12. Ra3 Qxd5 13. e3 e5 14. Nb5
Qxd1+ 15. Kxd1 Nc6 16. Bd3 Rd8 17. Ke2 Bf5 {1/2-1/2 (17) Vullhorst,W-Kyhos,A 
(1701) ICCF email 2007}) 10... Qxd5 11. e3 Nc6 12. Bxf6 gxf6 13. Qg4+ (13. Nb5
{looks sharper.} Qxa2 14. Ra1 Qb2 15. Bc4 Rd8 16. Qg4+) 13... Qg5 14. Qxg5+
fxg5 15. Nxc6 bxc6 16. Rb1 Bd7 17. Kd2 Rfb8 18. Bd3 Rb6 19. h4 Rab8 20. hxg5
hxg5 21. Rxb6 Rxb6 $11 {[%mdl 4096] Endgame KRB-KRB} 22. Kc2 c5 23. Rh5 f6 24.
f4 Rd6 {[#] Threatens to win with ...Ba4+.} 25. c4 gxf4 26. exf4 f5 27. g4 {
[%cal Rg4f5]} Rd4 28. gxf5 exf5 29. Bxf5 Bxf5+ 30. Rxf5 {Strongly threatening
Kc3.} Rxc4+ 31. Kb3 Rb4+ 32. Ka3 Rc4 33. Kb3 {A rather calm draw.  Weighted
Error Value: White=0.02/Black=0.02} 1/2-1/2

[Event "23rd ETCC Open 2021"]
[Site "Catez"]
[Date "2021.11.19"]
[Round "7.54"]
[White "Valsecchi, Alessio"]
[Black "Druska, Juraj"]
[Result "1/2-1/2"]
[WhiteElo "2527"]
[BlackElo "2508"]
[Annotator "ChessBase"]
[PlyCount "155"]
[EventDate "2021.11.08"]
[EventType "team-tourn"]
[EventCountry "SLO"]
[SourceTitle "playchess.com"]
[Source "ChessBase"]
[SourceQuality "1"]
[WhiteTeam "Italy"]
[BlackTeam "Slovakia"]
[WhiteTeamCountry "ITA"]
[BlackTeamCountry "SVK"]
[TimeControl "40/5400+30:1800+30"]

1. d4 d5 2. c4 e6 3. Nc3 Nf6 4. cxd5 exd5 5. Bg5 Be7 6. Qc2 h6 7. Bh4 O-O 8. e3
Re8 9. Bd3 c6 10. Nge2 Nh5 11. Bxe7 Qxe7 12. h3 Nd7 13. O-O-O b5 14. Kb1 Nb6
15. g4 Nf6 16. Ng3 a5 17. Rde1 Be6 18. f4 b4 19. Nce2 b3 20. Qxb3 Nc4 21. Qc3
Reb8 22. Bxc4 dxc4 23. e4 a4 24. f5 Bc8 25. Nc1 a3 26. b3 Ra4 27. Ka1 Rab4 28.
Rhg1 Ba6 29. Nh5 c5 30. dxc5 cxb3 31. axb3 Bc4 32. Nxf6+ gxf6 33. e5 Qxc5 34.
exf6 Rxb3 35. Nxb3 Rxb3 36. Qd2 Be2 37. Rxe2 Qxg1+ 38. Re1 Rd3 39. Rxg1 Rxd2
40. h4 Rd6 41. g5 hxg5 42. hxg5 Rd5 43. Rf1 a2 44. Kxa2 Rd2+ 45. Kb3 Rg2 46.
Kc4 Rxg5 47. Kd5 Rg2 48. Ke5 Re2+ 49. Kf4 Rg2 50. Re1 Rf2+ 51. Ke5 Ra2 52. Rg1+
Kf8 53. Rc1 Ra8 54. Rc7 Rd8 55. Ra7 Kg8 56. Ra1 Kf8 57. Rh1 Kg8 58. Rh4 Ra8 59.
Rc4 Ra5+ 60. Ke4 Ra6 61. Rc8+ Kh7 62. Ke5 Ra5+ 63. Kf4 Ra4+ 64. Kg5 Ra1 65. Rf8
Ra4 66. Rxf7+ Kg8 67. Rb7 Kf8 68. f7 Ra6 69. Rc7 Rb6 70. Ra7 Rc6 71. Kf4 Rb6
72. Rc7 Rb4+ 73. Kg5 Rb6 74. Ra7 Rc6 75. Ra5 Kxf7 76. f6 Rc1 77. Ra7+ Kf8 78.
Ra8+ 1/2-1/2

[Event "23rd ETCC Open 2021"]
[Site "Catez"]
[Date "2021.11.19"]
[Round "7.55"]
[White "Mazur, Stefan"]
[Black "Sonis, Francesco"]
[Result "0-1"]
[WhiteElo "2433"]
[BlackElo "2536"]
[Annotator "ChessBase"]
[PlyCount "118"]
[EventDate "2021.11.08"]
[EventType "team-tourn"]
[EventCountry "SLO"]
[SourceTitle "playchess.com"]
[Source "ChessBase"]
[SourceQuality "1"]
[WhiteTeam "Slovakia"]
[BlackTeam "Italy"]
[WhiteTeamCountry "SVK"]
[BlackTeamCountry "ITA"]
[TimeControl "40/5400+30:1800+30"]

1. e4 c5 2. Nf3 d6 3. d4 cxd4 4. Nxd4 Nf6 5. Nc3 a6 6. h3 e5 7. Nb3 h5 8. Bg5
Be7 9. Qd3 Nbd7 10. a4 b6 11. Be2 Bb7 12. Bf3 Rc8 13. O-O O-O 14. Rfd1 Re8 15.
Qe2 g6 16. Rd3 Qc7 17. Rad1 Qc4 18. Qe3 Qb4 19. Qd2 Rc4 20. Re3 Bf8 21. Be2
Rcc8 22. Rg3 Rc7 23. Bd3 Rxc3 24. bxc3 Qxa4 25. Ra1 Qc6 26. Bxf6 Nxf6 27. Qe2
Ra8 28. Nd2 Qxc3 29. Rb1 Qc7 30. Bc4 Kg7 31. Rgb3 b5 32. Bd3 d5 33. Re1 d4 34.
Ra1 Nd7 35. Rbb1 Nc5 36. Nb3 Na4 37. Rf1 Nc3 38. Qe1 Bb4 39. Nd2 Rd8 40. Qc1 a5
41. h4 Be7 42. g3 a4 43. Qe1 Bd6 44. f3 Qd7 45. Qf2 Bc7 46. Kh2 f5 47. Nb1 Ba5
48. Nxc3 Bxc3 49. Rab1 b4 50. exf5 gxf5 51. Qe2 Qe6 52. Rfe1 Bxe1 53. Qxe1 b3
54. cxb3 axb3 55. Qc1 Rd7 56. Bc4 Qh6 57. Qd1 Qe3 58. Rxb3 Qf2+ 59. Kh3 f4 0-1

[Event "23rd ETCC Open 2021"]
[Site "Catez"]
[Date "2021.11.19"]
[Round "7.56"]
[White "Lodici, Lorenzo"]
[Black "Sahidi, Samir"]
[Result "1-0"]
[WhiteElo "2529"]
[BlackElo "2432"]
[Annotator "ChessBase"]
[PlyCount "53"]
[EventDate "2021.11.08"]
[EventType "team-tourn"]
[EventCountry "SLO"]
[SourceTitle "playchess.com"]
[Source "ChessBase"]
[SourceQuality "1"]
[WhiteTeam "Italy"]
[BlackTeam "Slovakia"]
[WhiteTeamCountry "ITA"]
[BlackTeamCountry "SVK"]
[TimeControl "40/5400+30:1800+30"]

1. d4 Nf6 2. c4 e6 3. Nc3 Bb4 4. f3 d5 5. a3 Bxc3+ 6. bxc3 O-O 7. cxd5 exd5 8.
e3 b6 9. Bd3 c5 10. Ne2 Nc6 11. O-O Re8 12. Ra2 Qd6 13. g4 Be6 14. Qe1 h6 15.
Ng3 Rac8 16. Rg2 Rc7 17. Kh1 Na5 18. Nf5 Bxf5 19. gxf5 cxd4 20. Qh4 Kf8 21.
exd4 Rxc3 22. Bf4 Qd8 23. Bb5 Nc6 24. Rxg7 h5 25. Bh6 Qd6 26. Rg6+ Ke7 27. Rxf6
1-0

[Event "23rd ETCC Open 2021"]
[Site "Catez"]
[Date "2021.11.19"]
[Round "7.57"]
[White "Bogner, Sebastian"]
[Black "Djukic, Nikola"]
[Result "1-0"]
[WhiteElo "2574"]
[BlackElo "2519"]
[Annotator "ChessBase"]
[PlyCount "69"]
[EventDate "2021.11.08"]
[EventType "team-tourn"]
[EventCountry "SLO"]
[SourceTitle "playchess.com"]
[Source "ChessBase"]
[SourceQuality "1"]
[WhiteTeam "Switzerland"]
[BlackTeam "Montenegro"]
[WhiteTeamCountry "SUI"]
[BlackTeamCountry "MNE"]
[TimeControl "40/5400+30:1800+30"]

1. d4 Nf6 2. c4 g6 3. g3 Bg7 4. Bg2 O-O 5. Nc3 d6 6. Nf3 Nc6 7. d5 Na5 8. b3 c5
9. Bb2 a6 10. Nd2 Rb8 11. O-O b5 12. Qc1 e5 13. dxe6 fxe6 14. Rb1 bxc4 15. bxc4
Bb7 16. Bxb7 Rxb7 17. Ba1 Rxb1 18. Qxb1 d5 19. Qd3 Nc6 20. cxd5 exd5 21. Qxa6
Nb4 22. Qb5 Qd6 23. Rd1 Rb8 24. Qa4 Qe6 25. a3 d4 26. axb4 dxc3 27. Bxc3 Qxe2
28. Rf1 cxb4 29. Bxb4 Ng4 30. Bd6 Rb2 31. Qa8+ Kf7 32. Nf3 h6 33. Bc5 Qc4 34.
Re1 Re2 35. Qb7+ 1-0

[Event "23rd ETCC Open 2021"]
[Site "Catez"]
[Date "2021.11.19"]
[Round "7.58"]
[White "Draskovic, Luka"]
[Black "Georgiadis, Nico"]
[Result "0-1"]
[WhiteElo "2469"]
[BlackElo "2553"]
[Annotator "ChessBase"]
[PlyCount "68"]
[EventDate "2021.11.08"]
[EventType "team-tourn"]
[EventCountry "SLO"]
[SourceTitle "playchess.com"]
[Source "ChessBase"]
[SourceQuality "1"]
[WhiteTeam "Montenegro"]
[BlackTeam "Switzerland"]
[WhiteTeamCountry "MNE"]
[BlackTeamCountry "SUI"]
[TimeControl "40/5400+30:1800+30"]

1. Nf3 d5 2. c4 e6 3. g3 dxc4 4. Qa4+ Bd7 5. Qxc4 c5 6. Bg2 Bc6 7. O-O Nf6 8.
b3 Nbd7 9. Bb2 Rc8 10. d3 b5 11. Qc2 Bd6 12. Nbd2 O-O 13. e4 e5 14. Nh4 g6 15.
Bh3 Nh5 16. Ng2 Qc7 17. Rae1 Rce8 18. Bg4 Ng7 19. f4 exf4 20. gxf4 f5 21. exf5
Rxe1 22. Rxe1 Bxf4 23. Nf3 Nf6 24. Ne5 Bxh2+ 25. Kxh2 Nxg4+ 26. Kg1 Nxe5 27.
Bxe5 Qd7 28. fxg6 Nf5 29. g7 Rf7 30. Rf1 Qd5 31. Bb2 Qxg2+ 32. Qxg2 Bxg2 33.
Rc1 Bb7 34. Rxc5 a6 0-1

[Event "23rd ETCC Open 2021"]
[Site "Catez"]
[Date "2021.11.19"]
[Round "7.59"]
[White "Kurmann, Oliver"]
[Black "Blagojevic, Dragisa"]
[Result "1/2-1/2"]
[WhiteElo "2458"]
[BlackElo "2467"]
[Annotator "ChessBase"]
[PlyCount "60"]
[EventDate "2021.11.08"]
[EventType "team-tourn"]
[EventCountry "SLO"]
[SourceTitle "playchess.com"]
[Source "ChessBase"]
[SourceQuality "1"]
[WhiteTeam "Switzerland"]
[BlackTeam "Montenegro"]
[WhiteTeamCountry "SUI"]
[BlackTeamCountry "MNE"]
[TimeControl "40/5400+30:1800+30"]

1. e4 e5 2. Nf3 Nc6 3. Bb5 a6 4. Ba4 Nf6 5. O-O Be7 6. Re1 b5 7. Bb3 d6 8. c3
O-O 9. h3 Nd7 10. d4 Bb7 11. Nbd2 exd4 12. cxd4 Bf6 13. Nf1 Na5 14. Bc2 c5 15.
d5 Nc4 16. Rb1 Re8 17. b3 Nce5 18. N3h2 Ng6 19. Ng3 Be5 20. Ne2 Bf6 21. Ng4 Be7
22. f4 Nf6 23. Nh2 Bf8 24. Ng3 a5 25. Nf3 Ba6 26. Be3 Nd7 27. Nf5 Nf6 28. Ng3
Nd7 29. Nf5 Nf6 30. Ng3 Nd7 1/2-1/2

[Event "23rd ETCC Open 2021"]
[Site "Catez"]
[Date "2021.11.19"]
[Round "7.60"]
[White "Nikcevic, Nebojsa"]
[Black "Baenziger, Fabian"]
[Result "0-1"]
[WhiteElo "2385"]
[BlackElo "2403"]
[Annotator "NA"]
[PlyCount "101"]
[EventDate "2021.11.08"]
[EventType "team-tourn"]
[EventCountry "SLO"]
[SourceTitle "playchess.com"]
[Source "ChessBase"]
[SourceQuality "1"]
[WhiteTeam "Montenegro"]
[BlackTeam "Switzerland"]
[WhiteTeamCountry "MNE"]
[BlackTeamCountry "SUI"]
[TimeControl "40/5400+30:1800+30"]

1. Nf3 d5 2. d4 Nf6 3. c4 c6 4. e3 Bf5 5. Nc3 e6 6. Nh4 Bg6 7. Nxg6 hxg6 8. Bd2
Nbd7 9. Rc1 a6 10. a3 Bd6 11. c5 Bc7 12. f4 Ne4 13. Nxe4 dxe4 14. Qc2 g5 15.
Qxe4 Nf6 16. Qd3 gxf4 17. exf4 Qd5 18. Rc4 Rh4 19. Kd1 Ne4 20. Be1 Rxf4 21. Be2
O-O-O 22. Rf1 Rxf1 23. Bxf1 Bxh2 24. Kc2 Bc7 25. Be2 f5 26. Rb4 e5 27. Bc3 exd4
28. Rxd4 Qxc5 29. Rxd8+ Bxd8 30. Bg4 Kc7 31. Bf3 Qf2+ 32. Kb1 Nxc3+ 33. Qxc3
Bf6 34. Qc2 Qg1+ 35. Ka2 Qd4 36. Be2 a5 37. Bc4 Kd6 38. Bf7 g5 39. Bg6 f4 40.
Bh5 Kc7 41. Bf3 Qe5 42. Kb1 Qe1+ 43. Qc1 Qxc1+ 44. Kxc1 Kd6 45. b3 Kc5 46. Kc2
Kd4 47. Kd2 Be7 48. a4 Bb4+ 49. Kc2 Ke3 50. Kd1 Kf2 51. Be4 0-1

[Event "23rd ETCC Open 2021"]
[Site "Catez"]
[Date "2021.11.19"]
[Round "7.61"]
[White "Mehmeti, Dritan"]
[Black "Grandelius, Nils"]
[Result "0-1"]
[WhiteElo "2391"]
[BlackElo "2669"]
[Annotator "ChessBase"]
[PlyCount "142"]
[EventDate "2021.11.08"]
[EventType "team-tourn"]
[EventCountry "SLO"]
[SourceTitle "playchess.com"]
[Source "ChessBase"]
[SourceQuality "1"]
[WhiteTeam "Albania"]
[BlackTeam "Sweden"]
[WhiteTeamCountry "ALB"]
[BlackTeamCountry "SWE"]
[TimeControl "40/5400+30:1800+30"]

1. d4 Nf6 2. Bg5 g6 3. Bxf6 exf6 4. e3 d5 5. Ne2 Nd7 6. g3 h5 7. Bg2 Nb6 8. Nd2
h4 9. c4 dxc4 10. Nxc4 Nxc4 11. Qa4+ c6 12. Qxc4 Be6 13. Qc3 Bg4 14. Rc1 Bd6
15. a3 Kf8 16. Nf4 Kg7 17. O-O g5 18. Nd3 Qc8 19. f3 Be6 20. f4 hxg3 21. hxg3
Bh3 22. Nf2 Bxg2 23. Kxg2 Qe6 24. Rh1 Rxh1 25. Rxh1 Re8 26. fxg5 fxg5 27. e4
Qg6 28. Qf3 Bc7 29. Qc3 f6 30. g4 Bb6 31. a4 Rd8 32. Rd1 Qf7 33. a5 Bc7 34. a6
Bb6 35. axb7 Qxb7 36. e5 fxe5 37. dxe5 Rxd1 38. Nxd1 Bd4 39. Qf3 Bxe5 40. b3
Qd7 41. Nf2 a5 42. Ne4 Qd4 43. Qe2 Kg6 44. Qc2 Qb2 45. Qxb2 Bxb2 46. Kf3 Bc1
47. Nc5 Kf6 48. Ke4 Ba3 49. Nd7+ Ke6 50. Ne5 c5 51. Nc4 Bb4 52. Ne5 Bd2 53. Nc4
Be1 54. Ne5 Bg3 55. Nc4 Bc7 56. Ne3 Kd6 57. Nd5 Bd8 58. Nc3 Bf6 59. Nd5 Bd4 60.
Nb6 Kc6 61. Nc4 Kb5 62. Kd3 Kb4 63. Nd2 Bf6 64. Kc2 Be7 65. Kd3 Bd6 66. Kc2 Bf4
67. Ne4 c4 68. bxc4 Kxc4 69. Kb2 Kd3 70. Nc5+ Ke3 71. Kb3 Kf3 0-1

[Event "23rd ETCC Open 2021"]
[Site "Catez"]
[Date "2021.11.19"]
[Round "7.62"]
[White "Hillarp Persson, Tiger"]
[Black "Pasko, Llambi"]
[Result "1-0"]
[WhiteElo "2528"]
[BlackElo "2417"]
[Annotator "ChessBase"]
[PlyCount "93"]
[EventDate "2021.11.08"]
[EventType "team-tourn"]
[EventCountry "SLO"]
[SourceTitle "playchess.com"]
[Source "ChessBase"]
[SourceQuality "1"]
[WhiteTeam "Sweden"]
[BlackTeam "Albania"]
[WhiteTeamCountry "SWE"]
[BlackTeamCountry "ALB"]
[TimeControl "40/5400+30:1800+30"]

1. c4 c6 2. Nf3 d5 3. e3 Nf6 4. Nc3 e6 5. b3 Nbd7 6. Qc2 Bd6 7. Bb2 O-O 8. Be2
Qe7 9. O-O a6 10. d4 b5 11. e4 dxe4 12. Nxe4 Nxe4 13. Qxe4 Bb7 14. Rfe1 Ba3 15.
Bc3 Bb4 16. Bxb4 Qxb4 17. Qc2 Rfd8 18. a3 Qd6 19. c5 Qf4 20. g3 Qf6 21. Qc3 Nf8
22. Ne5 Ng6 23. Rad1 Ne7 24. Qa5 Nf5 25. Bf1 Qe7 26. Qc3 Qc7 27. Bg2 Ne7 28. h4
Nd5 29. Qd2 Re8 30. h5 Rad8 31. h6 f6 32. Ng4 Bc8 33. hxg7 Qxg7 34. Ne3 Qc7 35.
Nxd5 exd5 36. Re3 Re6 37. Rxe6 Bxe6 38. Re1 Re8 39. Bh3 Qf7 40. Qe2 f5 41. Qd2
Qg6 42. Qf4 Rf8 43. b4 Bc8 44. Re7 Rf7 45. Re8+ Rf8 46. Rxc8 Rxc8 47. Bxf5 1-0

[Event "23rd ETCC Open 2021"]
[Site "Catez"]
[Date "2021.11.19"]
[Round "7.63"]
[White "Ashiku, Franc"]
[Black "Johansson, Linus"]
[Result "1-0"]
[WhiteElo "2419"]
[BlackElo "2479"]
[Annotator "ChessBase"]
[PlyCount "131"]
[EventDate "2021.11.08"]
[EventType "team-tourn"]
[EventCountry "SLO"]
[SourceTitle "playchess.com"]
[Source "ChessBase"]
[SourceQuality "1"]
[WhiteTeam "Albania"]
[BlackTeam "Sweden"]
[WhiteTeamCountry "ALB"]
[BlackTeamCountry "SWE"]
[TimeControl "40/5400+30:1800+30"]

1. d4 Nf6 2. c4 e6 3. Nc3 Bb4 4. Nf3 d6 5. Qc2 Nbd7 6. a3 Bxc3+ 7. Qxc3 b6 8.
e3 Bb7 9. Be2 a5 10. b3 Qe7 11. O-O O-O 12. Bb2 Rfe8 13. Rad1 e5 14. d5 b5 15.
cxb5 Nxd5 16. Qc2 a4 17. b4 N7b6 18. Nd2 Qh4 19. Bf3 Re6 20. g3 Qe7 21. Rc1 Rb8
22. e4 Nf6 23. Qxc7 Qxc7 24. Rxc7 Ree8 25. Re1 Rec8 26. Rec1 Kf8 27. Bg2 Ne8
28. Rxc8 Rxc8 29. Rxc8 Bxc8 30. Nb1 Be6 31. Nc3 Ke7 32. Bc1 Nf6 33. Be3 Nfd7
34. Bf1 Kd8 35. f3 Kc7 36. Kf2 Bb3 37. Bd3 Kb7 38. Ke1 Kc7 39. Kd2 Kb7 40. h4
Kc7 41. Bf1 Kb7 42. Be2 Kc7 43. Ke1 Kb7 44. Bd1 Bxd1 45. Kxd1 Nc4 46. Bc1 Ncb6
47. Ke2 Kc7 48. Kd3 Kb7 49. Be3 Kc7 50. g4 Kb7 51. h5 Kc7 52. h6 g6 53. g5 Kd8
54. Bxb6+ Nxb6 55. Nd5 Nxd5 56. exd5 Kc7 57. b6+ Kxb6 58. Kc4 Ka6 59. b5+ Ka5
60. b6 Ka6 61. b7 Kxb7 62. Kb5 Kc7 63. Kxa4 Kd7 64. Kb4 f6 65. gxf6 g5 66. Kc3
1-0

[Event "23rd ETCC Open 2021"]
[Site "Catez"]
[Date "2021.11.19"]
[Round "7.64"]
[White "Seo, Jung Min"]
[Black "Seitaj, Ilir"]
[Result "1-0"]
[WhiteElo "2455"]
[BlackElo "2351"]
[Annotator "ChessBase"]
[PlyCount "97"]
[EventDate "2021.11.08"]
[EventType "team-tourn"]
[EventCountry "SLO"]
[SourceTitle "playchess.com"]
[Source "ChessBase"]
[SourceQuality "1"]
[WhiteTeam "Sweden"]
[BlackTeam "Albania"]
[WhiteTeamCountry "SWE"]
[BlackTeamCountry "ALB"]
[TimeControl "40/5400+30:1800+30"]

1. e4 e5 2. Nf3 Nc6 3. Bc4 Nf6 4. d3 Be7 5. O-O O-O 6. Re1 d6 7. a4 Be6 8. Nbd2
Qd7 9. c3 Kh8 10. a5 a6 11. Qb3 Rab8 12. Nf1 Bxc4 13. Qxc4 Nh5 14. Ne3 Bd8 15.
d4 exd4 16. cxd4 Ne7 17. b3 Qc6 18. d5 Qxc4 19. bxc4 Nf4 20. Ra3 Neg6 21. g3
Nh5 22. Nf5 Ne7 23. N5d4 c5 24. Nb3 Nc8 25. e5 f5 26. Ra2 b5 27. axb6 Rxb6 28.
Na5 dxe5 29. Nxe5 Nf6 30. Ba3 Be7 31. Nac6 Bd6 32. Rea1 Ne7 33. Nxe7 Bxe7 34.
Nc6 Bd6 35. Bb2 Ne8 36. Bc3 Rb3 37. Be5 Rb6 38. f4 Bxe5 39. fxe5 Nc7 40. Ra5 f4
41. Rxc5 fxg3 42. hxg3 Rb3 43. Kg2 Rb2+ 44. Kh3 Ne8 45. Nd4 h5 46. Ne6 Rff2 47.
Rh1 Kg8 48. d6 Rbd2 49. Rd5 1-0

[Event "23rd ETCC Open 2021"]
[Site "Catez"]
[Date "2021.11.19"]
[Round "7.65"]
[White "Gretarsson, Hjorvar Steinn"]
[Black "Dardha, Daniel"]
[Result "0-1"]
[WhiteElo "2574"]
[BlackElo "2525"]
[Annotator "TA"]
[PlyCount "116"]
[EventDate "2021.11.08"]
[EventType "team-tourn"]
[EventCountry "SLO"]
[SourceTitle "playchess.com"]
[Source "ChessBase"]
[SourceQuality "1"]
[WhiteTeam "Iceland"]
[BlackTeam "Belgium"]
[WhiteTeamCountry "ISL"]
[BlackTeamCountry "BEL"]

{[%evp 9,116,25,37,40,39,37,40,-27,39,31,37,33,37,0,0,0,0,-28,-39,-25,0,0,0,0,
0,0,0,0,0,-4,-13,-34,-20,-32,-33,-30,-36,-58,-41,-41,-44,-48,-50,-38,-37,-42,
-17,-48,-29,-27,-28,-48,-29,-29,-29,-20,-36,-139,-147,-131,-130,-133,-133,-226,
-220,-231,-222,-256,-254,-252,-232,-238,-210,-219,-217,-221,-200,-204,-220,
-202,-177,-264,-168,-210,-223,-227,-206,-211,0,-247,-195,-230,-189,-310,-336,
-369,-369,-372,-372,-331,-365,-361,-350,-415,-411,-403,-405,-455,-441]} 1. c4
e6 2. Nc3 d5 3. d4 h6 4. Bf4 Nf6 5. e3 Bd6 6. Bxd6 {D31: Queen's Gambit
Declined: Semi-Slav without ...Nf6 (+ Marshall Gambit and Noteboom) and
Exchange Variation lines without ...Nf6.} Qxd6 7. c5 Qe7 8. f4 {[#]} (8. Nf3
$14) 8... a5 $146 ({Better is} 8... O-O $11) ({Predecessor:} 8... O-O 9. Bd3 a5
10. Nf3 b6 11. cxb6 cxb6 12. O-O Ba6 13. Rc1 Rc8 14. Ne5 Bxd3 15. Nxd5 {
1-0 (15) Baidetsky,V (2403)-Jablonicky,M (2298) Piestany 2021}) 9. Nf3 O-O 10.
Rc1 b6 11. Na4 Bd7 12. Bd3 Ng4 13. Ke2 Qe8 14. b3 Na6 {[%cal Bb8a6,Ba6b4,Bb4a2]
[%mdl 32]} 15. h3 Nf6 16. cxb6 Nb4 17. b7 Rb8 18. Nc3 ({Much worse is} 18. Rxc7
Nxd3 19. Kxd3 Ne4 $17) 18... Rxb7 19. Ne5 a4 20. Nxd7 Nxd7 21. Nxa4 Nxa2 22.
Ra1 Nb4 23. Bb1 Qe7 (23... c5 {looks sharper.} 24. dxc5 Nf6 25. Kf2 Qe7 26. Rf1
Rfb8) 24. Qd2 c5 (24... Ra7 {with more complications.} 25. Rc1 Rb8 26. Kf1 g6
27. Kg1 Nf6) 25. Nxc5 Nxc5 26. dxc5 Qxc5 27. Rc1 Qd6 28. Ra4 g6 29. Qc3 Rfb8
30. h4 d4 31. Qxd4 Qxd4 32. exd4 Nd5 33. Ba2 (33. Be4 $15) 33... Nxf4+ $17 34.
Kf3 Nd3 35. Rc3 Nb4 36. Re3 (36. Ke2 $17 {might work better.}) 36... Rc7 $19
37. Kg3 Rc1 38. h5 g5 39. Kh2 Ra1 40. Re2 Rb7 (40... Rxa2 41. Rexa2 Nxa2 42.
Rxa2) 41. Rb2 {[#] intending Bb1.} Rd1 ({Much less strong is} 41... Nxa2 42. b4
$17) 42. Bb1 Rxd4 43. Re2 Rdd7 44. Be4 Rb6 45. Re3 (45. Rb2 $142) 45... Rc7 46.
Ra8+ Kg7 47. Rd8 Na6 48. Rd4 Nb4 49. Rd8 $1 Na2 50. Bf3 Nc3 51. Red3 (51. Rdd3
{was necessary.} Rxb3 52. Kg3) 51... Rxb3 52. Ra8 Rb4 53. Rdd8 Rh4+ 54. Kg1 Ne4
55. Rg8+ Kf6 56. Ra1 Ng3 {[#] ( -> ...Rc2)} 57. Kf2 Nxh5 58. Rf1 Rc2+ {
Weighted Error Value: White=0.19/Black=0.14} 0-1

[Event "23rd ETCC Open 2021"]
[Site "Catez"]
[Date "2021.11.19"]
[Round "7.66"]
[White "Docx, Stefan"]
[Black "Stefansson, Hannes"]
[Result "0-1"]
[WhiteElo "2432"]
[BlackElo "2519"]
[Annotator "ChessBase"]
[PlyCount "94"]
[EventDate "2021.11.08"]
[EventType "team-tourn"]
[EventCountry "SLO"]
[SourceTitle "playchess.com"]
[Source "ChessBase"]
[SourceQuality "1"]
[WhiteTeam "Belgium"]
[BlackTeam "Iceland"]
[WhiteTeamCountry "BEL"]
[BlackTeamCountry "ISL"]
[TimeControl "40/5400+30:1800+30"]

1. d4 Nf6 2. c4 e6 3. Nf3 d5 4. Nc3 c6 5. e3 Nbd7 6. Be2 Bd6 7. O-O O-O 8. b3
b6 9. Bb2 Bb7 10. Bd3 h6 11. Re1 dxc4 12. bxc4 c5 13. d5 Ne5 14. Nb5 Nxd3 15.
Qxd3 Bb8 16. e4 a6 17. Nc3 e5 18. Rab1 Re8 19. Na4 Nd7 20. Bc3 Bc8 21. Qd2 b5
22. Ba5 Bc7 23. Bxc7 Qxc7 24. Nc3 b4 25. Nd1 a5 26. Qd3 a4 27. Nd2 Ra6 28. a3
Qa5 29. Ne3 Rb6 30. Red1 g6 31. h3 Kg7 32. Ndf1 Nf6 33. g4 Bd7 34. Ng3 Reb8 35.
Qd2 Qa7 36. Ra1 bxa3 37. Rxa3 Rb3 38. Rda1 Ne8 39. Qc2 Qb6 40. Kg2 Nd6 41. R1a2
Qb4 42. Qc1 Rb1 43. Qc3 Qxc3 44. Rxc3 R8b3 45. Rcc2 a3 46. Kf3 Ba4 47. Ngf1
Rxf1 0-1

[Event "23rd ETCC Open 2021"]
[Site "Catez"]
[Date "2021.11.19"]
[Round "7.67"]
[White "Gretarsson, Helgi Ass"]
[Black "Beukema, Stefan"]
[Result "1-0"]
[WhiteElo "2476"]
[BlackElo "2408"]
[Annotator "ChessBase"]
[PlyCount "107"]
[EventDate "2021.11.08"]
[EventType "team-tourn"]
[EventCountry "SLO"]
[SourceTitle "playchess.com"]
[Source "ChessBase"]
[SourceQuality "1"]
[WhiteTeam "Iceland"]
[BlackTeam "Belgium"]
[WhiteTeamCountry "ISL"]
[BlackTeamCountry "BEL"]
[TimeControl "40/5400+30:1800+30"]

1. d4 f5 2. Nf3 Nf6 3. g3 d6 4. Bg2 g6 5. O-O Bg7 6. c4 O-O 7. Nc3 c6 8. Re1
Ne4 9. Qc2 Nxc3 10. bxc3 e5 11. dxe5 dxe5 12. Ba3 Re8 13. e4 Na6 14. Rad1 Qa5
15. Bd6 Nc5 16. Nd2 f4 17. Nb3 Nxb3 18. axb3 Bg4 19. f3 Be6 20. b4 Qa6 21. c5
Qa2 22. Qxa2 Bxa2 23. Bf1 g5 24. c4 a5 25. bxa5 Rxa5 26. Rd2 Rea8 27. Rb2 R5a7
28. Rd1 Kf7 29. Kf2 Kf6 30. Rb4 h6 31. Rd2 Ra4 32. Rxb7 Bxc4 33. Bxc4 Rxc4 34.
Bxe5+ Kxe5 35. Rxg7 Rxc5 36. Rg6 Ra3 37. Kg2 g4 38. Rxg4 fxg3 39. hxg3 Rcc3 40.
Rf4 Rd3 41. Rxd3 Rxd3 42. Rf5+ Kd4 43. Rf6 Ke3 44. e5 c5 45. e6 Rd2+ 46. Kh3
Kf2 47. Rf4 Rd8 48. Kg4 Re8 49. Re4 h5+ 50. Kf4 Rf8+ 51. Ke5 Kxg3 52. f4 Kg4
53. f5+ Kg5 54. f6 1-0

[Event "23rd ETCC Open 2021"]
[Site "Catez"]
[Date "2021.11.19"]
[Round "7.68"]
[White "Verstraeten, Rein"]
[Black "Kjartansson, Gudmundur"]
[Result "0-1"]
[WhiteElo "2386"]
[BlackElo "2443"]
[Annotator "NA"]
[PlyCount "96"]
[EventDate "2021.11.08"]
[EventType "team-tourn"]
[EventCountry "SLO"]
[SourceTitle "playchess.com"]
[Source "ChessBase"]
[SourceQuality "1"]
[WhiteTeam "Belgium"]
[BlackTeam "Iceland"]
[WhiteTeamCountry "BEL"]
[BlackTeamCountry "ISL"]
[TimeControl "40/5400+30:1800+30"]

1. d4 d5 2. c4 c6 3. Nf3 Nf6 4. e3 e6 5. b3 Ne4 6. Bd3 Bb4+ 7. Nbd2 f5 8. O-O
Nd7 9. Bb2 Qf6 10. g3 O-O 11. a3 Bd6 12. b4 g5 13. Nb3 h5 14. Ne5 g4 15. f3
gxf3 16. Qxf3 Qh6 17. Qf4 Qg7 18. Bxe4 dxe4 19. Nc1 Nxe5 20. dxe5 Be7 21. h4 a5
22. b5 cxb5 23. cxb5 a4 24. Ne2 Bd7 25. Nd4 Qg6 26. Bc3 Rfc8 27. Bb4 Bxb4 28.
axb4 a3 29. Rfc1 Rxc1+ 30. Rxc1 Qg4 31. Kf2 Qxf4+ 32. gxf4 a2 33. Ra1 Kf7 34.
Ke1 Ra3 35. Kd2 Ke7 36. Nc2 Ra8 37. b6 Bb5 38. Kc3 Bd3 39. Nd4 Rc8+ 40. Kb2 Bb1
41. Kb3 Rc1 42. Ne2 Re1 43. Nc3 Rxe3 44. Kc4 Rxc3+ 45. Kxc3 e3 46. Rxa2 Bxa2
47. Kd3 Kd7 48. b5 Bc4+ 0-1